| 000 | 00462nam a22001937a 4500 | ||
|---|---|---|---|
| 003 | OSt | ||
| 005 | 20180116183057.0 | ||
| 008 | 161025b xxu||||| |||| 00| 0 eng d | ||
| 020 | _a9789699251108 | ||
| 040 | _c0 | ||
| 082 | _a779 KOR 2009 | ||
| 100 | _aKorp,Maureen | ||
| 245 |
_aAvailable Light _cMaureen Korp |
||
| 260 |
_aLahore _bAlhamra Art Gallery _c2009 |
||
| 300 |
_a48p. _bHB. |
||
| 440 | _aAvailable Light | ||
| 500 | _aHB. | ||
| 942 |
_2ddc _cBK |
||
| 999 |
_c351884 _d351884 |
||